00472 2200193 4500001002100000005001500021035002000036008004100056245004000097100002100137250000600158260004300164300001100207084001400218082000800232650001400240990001200254990001200266INLIS00000000000034420240503082055 a0010-0424000320240503 0 ind 1 aSampah Jadi Uang /cEndang Purwanti aPurwanti, Endang a1 aKlaten :bSaka Mitra Kompetensi,c2015 a64 hlm a600 END s a600 4aNon Fiksi a0728710 a0728711